[Event "GER Seniors Derby 06th"]
[Site "Wesel Undeloh"]
[Date "2007.04.15"]
[Round "6.22"]
[White "Haufschild, Dieter"]
[Black "Schmitt, Hannelore"]
[Result "1/2-1/2"]
[WhiteElo "1450"]
[BlackElo "1411"]
[PlyCount "45"]
[EventDate "2007.04.12"]
[EventType "swiss"]
[EventRounds "7"]
[EventCountry "GER"]
[SourceTitle "EXT 2022"]
[Source "ChessBase"]
[SourceDate "2021.10.06"]
[SourceVersion "1"]
[SourceVersionDate "2021.10.06"]
[SourceQuality "1"]

1. c4 Nf6 2. Nc3 c6 3. e4 d6 4. h3 e5 5. g4 Be7 6. Bg2 Nfd7 7. a3 Nc5 8. d3 Bg5 9. b4 Bxc1 10. Rxc1 Ne6 11. Nge2 Qb6 12. Qd2 Nd4 13. Nxd4 Qxd4 14. Qe3 Qxe3+ 15. fxe3 Be6 16. 0-0 Nd7 17. b5 0-0 18. Bf3 Rfc8 19. Be2 a6 20. bxc6 Rxc6 21. Nd5 Bxd5 22. exd5 Rc7 23. Rb1 1/2-1/2